00712 2200229 4500001002100000005001700021008004100038035002500079040001200104082001500116084002000131100001600151245009900167260005500266300003000321500002700351504002800378650002600406700002000432850001200452990001800464INLIS00000000001002020150813102710.0  a0010-081500000001458 aYOPDYOG 223a346.01 aSK 345.01 Ren E aRENALDO O.R aEfektifitas pidana tambahan uang pengganti kerugian dalam tindak pidana korupsic/ Renaldi O.R aYogyakartabUniversitas Janabadra Yogyakartac2006 avii, 78 lembarc; 29,5 cm aSkripsi Fakultas Hukum aBibliografi: hlm. 77-78 aTindak Pidana Korupsi aEKO Nurharyanto aYOPDYOG a48098-PD/A.15